Erinnerungen und Tagebuchblatter eines Biologen ; ein Leben im Dienste der Limnologie.

Bibliographic Details
Main Author: Thienemann, August, 1882-
Format: Book
Language:German
Published: Stuggart : E. Schweizerbart'sche Verlagsbuchhandlung, [1959]
Subjects:

MARC

Tag First Indicator Second Indicator Subfields
LEADER 00000cam a2200000 4500
001 in00000052383
005 20151007070121.0
008 750806s1959 gw 00000 ger u
010 |a a 60005037  
035 |a (OCoLC)01518165 
035 |9 AAE3366AM 
040 |c FQG  |d TXA  |d UtOrBLW 
049 |a TXAM  |c [329047] 
050 0 |a QH31.T45  |b A3 
092 |a 574.929  |b T434e 
100 1 |a Thienemann, August,  |d 1882- 
245 1 0 |a Erinnerungen und Tagebuchblatter eines Biologen ;  |b ein Leben im Dienste der Limnologie. 
264 1 |a Stuggart :  |b E. Schweizerbart'sche Verlagsbuchhandlung,  |c [1959] 
264 4 |c [©1959] 
300 |a 499 pages :  |b mounted illustrations, portrait ;  |c 25 cm. 
336 |a text  |b txt  |2 rdacontent 
337 |a unmediated  |b n  |2 rdamedia 
338 |a volume  |b nc  |2 rdacarrier 
650 0 |a Biologists  |v Biography. 
999 |a MARS 
999 f f |s 21c10fab-167e-3812-a7c0-d68bc02e66a9  |i 8e858f56-6c44-3805-8cdd-5c7e6548b131  |t 0 
952 f f |p ric  |a Texas A&M University  |b Rellis Campus  |c Joint Library Facility  |d Remote Storage  |t 0  |e QH31.T45 A3  |h Library of Congress classification  |i unmediated -- volume  |m A14800976004 
998 f f |a QH31.T45 A3  |t 0  |l Remote Storage